000 00471nam a2200169Ia 4500
003 GCL
008 140319s9999 xx 000 0 ara d
040 _aGCL /
_cGCL
082 0 4 _aد
_b050
100 1 _aاحمد زكى صفوت
245 1 0 _aعمر بن عبد العزيز (اقرا 65 ) /
_cاحمد زكى صفوت
300 _a122
490 _aاقرأ
_v0
650 0 4 _aالرجال - تراجم
650 0 4 _aعمر بن عبد العزيز
942 _2ddc
_cBK
999 _c49066
_d49066